| 000 | 00477 a2200169 4500 | ||
|---|---|---|---|
| 003 | OSt | ||
| 005 | 20231218151714.0 | ||
| 008 | 231218b |||||||| |||| 00| 0 eng d | ||
| 020 | _a9788170555964 | ||
| 040 | _coclc | ||
| 082 |
_a891.432 _bDEE/J |
||
| 100 |
_aDeepak, Swadesh _910173 |
||
| 245 |
_aJALTA HUA RATH / _cSwadesh Deepak |
||
| 260 |
_aNew Delhi: _bVani Prakashan, _c2020. |
||
| 300 | _a71p | ||
| 942 |
_2ddc _cBK _h891.432 _iDEE/J _k891.432 _mDEE/J |
||
| 999 |
_c43483 _d43483 |
||